000 00697nam a2200157 a 4500
008 070323s2006 xx |||||||||||||| || u
050 _aTHESIS
100 _aNgoya , Ishmael
245 1 0 _aDesign of the bio-plant to produce absolute ethanol
_cthesis supervised by Ntengwe,F.W
260 _a
_bCopperbelt University,School Of Technology,Department Of Chemical Engineering
_c2006
350 _a0.00
650 _aCHEMICAL PLANTS--DESIGN AND CONSTRUCTION
650 _aCHEMICAL PROCESSES--ETHANOL
650 0 _aCHEMISTRY--HANDBOOKS, MANUALS, ETC
995 _D0.00
_FCBU-MAIN LIBRARY (Kitwe)
_H1
_I0.00
_M1
_UAVAILABLE
_WMar 23, 2007
_ZUniversity Collection
999 _c39753
_d39753